Principles of Soil Dynamics/ (Record no. 1055)

000 -LEADER
fixed length control field 00385 a2200145 4500
020 ## - INTERNATIONAL STANDARD BOOK NUMBER
International Standard Book Number 0534931294
040 ## - CATALOGING SOURCE
Transcribing agency DLC
082 ## - DEWEY DECIMAL CLASSIFICATION NUMBER
Classification number 624.15136 DAS
100 ## - MAIN ENTRY--PERSONAL NAME
Personal name Das, Braja M.
9 (RLIN) 23492
245 ## - TITLE STATEMENT
Title Principles of Soil Dynamics/
Statement of responsibility, etc. Braja M. Das
260 ## - PUBLICATION, DISTRIBUTION, ETC.
Place of publication, distribution, etc. Boston :
Name of publisher, distributor, etc. PWS Kent Publishing Company,
Date of publication, distribution, etc. 1992
300 ## - PHYSICAL DESCRIPTION
Extent xii, 570p. :
Other physical details ill. ;
Dimensions 23 cm
650 ## - SUBJECT ADDED ENTRY--TOPICAL TERM
Topical term or geographic name entry element soil Dynamics
942 ## - ADDED ENTRY ELEMENTS (KOHA)
Source of classification or shelving scheme
Koha item type Book
Holdings
Withdrawn status Lost status Damaged status Not for loan Permanent Location Current Location Shelving location Date acquired Total Checkouts Total Renewals Full call number Barcode Date last seen Date last checked out Price effective from Koha item type Source of classification or shelving scheme
        School of Civil and Environmental Engineering (SCEE) School of Civil and Environmental Engineering (SCEE)     4 3 624.15136 DAS NIT-106 05/31/2024 02/23/2024 01/05/2017 Book  
        School of Civil and Environmental Engineering (SCEE) School of Civil and Environmental Engineering (SCEE)   11/04/2021     624.15136 DAS NIT-13370 11/04/2021   11/04/2021 Book  
© 2023 Central Library, National University of Sciences and Technology. All Rights Reserved.